[Event "Olympiad Women 2024"]
[Site "Budapest HUN"]
[Date "2024.09.11"]
[Round "1.41"]
[Board "3"]
[White "Benzon, Tiffany"]
[Black "Korenova, Martina"]
[Result "0-1"]
[WhiteElo "1610"]
[BlackElo "2104"]
[PlyCount "56"]
[EventDate "2024.09.11"]
[WhiteTeam "Guam"]
[BlackTeam "Czech Republic"]
[WhiteTeamCountry "GMA"]
[BlackTeamCountry "CZE"]

1. e4 e5 2. Nf3 Nc6 3. Bc4 Bc5 4. Nc3 Nf6 5. O-O d6 6. d3 Bg4 7. Be3 Nd4 8. Bxd4 Bxd4 9. h3 Bh5 10. g4 ({RR} 10. Kh2 Qd7 11. Qd2 O-O-O 12. Nxd4 exd4 13. Ne2 c5 14. Nf4 Bg6 15. Qa5 Kb8 16. b4 Qc6 17. b5 Qb6 18. Qxb6 axb6 19. Nd5 Nxd5 20. Bxd5 f5 21. Rfe1 Rhe8 22. exf5 Bxf5 23. Bf7 Rxe1 24. Rxe1 Rd7 {1-0 Bourgeois,F (2033)-Chevillon,C (1433) FRA-ch Blitz Online Qual 2020 (11)}) 10... Nxg4 11. hxg4 Bxg4 12. Bxf7+ $146 ({RR} 12. Kg2 h5 13. Rg1 c6 14. Qd2 Bxf3+ 15. Kxf3 Qh4 16. Raf1 Rh6 17. Ke2 Rf6 18. Nd1 Rf4 19. Ne3 g6 20. c3 Bb6 21. Kd1 O-O-O 22. Kc2 Qf6 23. b4 Rf3 24. Qe2 h4 25. b5 h3 26. bxc6 bxc6 {1-0 Everet,A (2105)-Lupo,A Bratto op 15th 1995}) ({RR} 12. Kg2 Qf6 13. Nd5 Qd8 14. Rg1 c6 15. Nc3 Qf6 16. Qe2 h5 17. Rh1 h4 18. Rh3 Bxh3+ 19. Kxh3 g5 20. Nh2 O-O-O 21. Ng4 Qe7 22. Qf3 Rdf8 23. Qf5+ Kb8 24. a4 a5 25. Rb1 f6 26. Ne2 Bb6 {1-0 Nemecky,J (1489)-Odehnalova,A (1553) Strmilov op 2004 (4)}) 12... Kxf7 13. Nxe5+ dxe5 14. Qxg4 Rf8 15. Qh5+ Kg8 16. Kg2 c6 17. Ne2 Rf6 18. Ng3 Qf8 19. Qe2 Rd8 20. Rad1 Qf7 21. c3 Bb6 22. b4 g6 23. Qc2 Rf3 24. Ne2 Rxf2+ 25. Rxf2 Qxf2+ 26. Kh3 Rf8 27. Qb3+ Kg7 28. Ng3 Rf3 0-1

[Event "Olympiad Women 2024"]
[Site "Budapest HUN"]
[Date "2024.09.11"]
[Round "1.41"]
[Board "4"]
[White "Novosadova, Kristyna"]
[Black "Nacario, Ruth"]
[Result "1-0"]
[WhiteElo "2066"]
[BlackElo "1607"]
[PlyCount "53"]
[EventDate "2024.09.11"]
[WhiteTeam "Czech Republic"]
[BlackTeam "Guam"]
[WhiteTeamCountry "CZE"]
[BlackTeamCountry "GMA"]

1. e4 d6 2. d4 g6 3. Nc3 Nf6 4. f3 Bg7 5. Be3 O-O 6. Qd2 Re8 7. O-O-O c6 8. g4 Qa5 ({RR} 8... b5 9. h4 Qa5 10. Kb1 b4 11. Nce2 Be6 12. Nc1 c5 13. d5 Bd7 14. h5 Bb5 15. Bxb5 Qxb5 16. hxg6 fxg6 17. Nge2 Rf8 18. Nf4 Rf7 19. Qh2 Nbd7 20. g5 Nh5 21. Nxh5 gxh5 22. Qxh5 Nf8 23. f4 {1-0 Mamedyarov,S (2522)-Mamedjarova,Z (2226) Batumi op 2001 (1)}) ({RR} 8... b5 9. h4 h5 10. g5 Nfd7 11. f4 Qa5 12. Kb1 Nb6 13. Bd3 Nc4 14. Bxc4 bxc4 15. Nge2 Bg4 16. Rdf1 Nd7 17. Ng3 Rab8 18. Ka1 Qb4 19. Rb1 Rb7 20. f5 Reb8 21. Rhf1 Qa5 22. Nge2 Nb6 23. Nf4 {1-0 Sun,F (2125)-Adhikari,K (1527) 5th SCO Teams 2023 (3.6)}) 9. Bc4 b5 10. Bb3 Na6 $146 ({RR} 10... b4 11. Nce2 Qb5 12. c4 bxc3 13. Nxc3 Qa5 14. g5 Nh5 15. Nge2 e6 16. Ng3 Nxg3 17. hxg3 Nd7 18. Qh2 Nf8 19. f4 Rb8 20. g4 c5 21. f5 exf5 22. Nd5 Qd8 23. e5 dxe5 24. dxc5 Bd7 25. c6 {1-0 Injac,D-Novakovic,M (2114) SRB-chT2 West 2007 (6.2)}) 11. h4 h5 12. gxh5 Nxh5 13. Qg2 e6 14. f4 Kh7 15. Nf3 f6 16. Rdg1 Re7 17. Qxg6+ Kg8 18. Qxh5 Rb8 19. f5 Rbb7 20. fxe6 Bxe6 21. Rxg7+ Rxg7 22. Qe8+ Kh7 23. Ng5+ Kh6 24. Nxe6+ Kh7 25. Ng5+ Kh6 26. Qh8+ Kg6 27. h5# 1-0

[Event "Olympiad Women 2024"]
[Site "Budapest HUN"]
[Date "2024.09.11"]
[Round "1.42"]
[Board "1"]
[White "Zherebtsova, Alexandra"]
[Black "Magno, Angelica"]
[Result "1-0"]
[WhiteElo "2239"]
[BlackElo "1544"]
[PlyCount "49"]
[EventDate "2024.09.11"]
[WhiteTeam "Montenegro"]
[BlackTeam "Palau"]
[WhiteTeamCountry "MNE"]
[BlackTeamCountry "PAL"]

1. d4 d6 2. c4 Nf6 3. Nc3 g6 4. e4 Bg7 5. h3 b6 ({RR} 5... a5 6. Be3 c6 7. Nf3 Nbd7 8. e5 dxe5 9. dxe5 Ng8 10. e6 fxe6 11. Ng5 Ne5 12. Qxd8+ Kxd8 13. Na4 h6 14. O-O-O+ Ke8 15. Nb6 Rb8 16. Nf3 Nxf3 17. gxf3 e5 18. Nxc8 Rxc8 19. Bd3 Kf7 20. Rdg1 {1-0 Andreikin,D (2729)-Bortnyk,M (2461) Titled Tuesday intern op 13th Sep Late blitz 2022 (6)}) ({RR} 5... h5 6. Be3 c6 7. Nf3 Qc7 8. e5 Nh7 9. Bd3 dxe5 10. Nxe5 Bxe5 11. dxe5 Qxe5 12. O-O Qg7 13. Re1 Nf6 14. Qd2 Be6 15. Ne2 Bf5 16. Bxf5 gxf5 17. Ng3 Rg8 18. Qb4 e6 19. Qxb7 Nfd7 20. Rad1 {1-0 Aleksandrov,A (2429)-Artelnykh,L (1718) 22nd Orsha Open A 2024 (2.1)}) 6. Nf3 c5 $146 ({RR} 6... Bb7 7. d5 O-O 8. Bd2 Re8 9. Bd3 e6 10. O-O Nbd7 11. Re1 Nc5 12. Bg5 Qd7 13. b4 Nxd3 14. Qxd3 Re7 15. b5 Rae8 16. e5 exd5 17. exf6 Rxe1+ 18. Rxe1 Rxe1+ 19. Nxe1 dxc4 20. Qxc4 Bf8 21. Nd5 {1-0 Dang,A-Nguyen,P VIE-ch U09 Hue 2003 (2)}) ({RR} 6... Bb7 7. Bd3 Nfd7 8. Be3 c5 9. d5 Na6 10. a3 Nc7 11. O-O e6 12. Nh2 Nf6 13. f4 Qe7 14. Qd2 h5 15. Rae1 h4 16. f5 Nh5 17. fxg6 fxg6 18. Bg5 Bf6 19. Bxf6 Nxf6 20. Qg5 Rf8 21. Qxg6+ {1-0 Vaszlik,I-Bako,M (1436) Borsod-chT2 1415 2014 (4.8)}) 7. dxc5 bxc5 8. e5 Nfd7 9. exd6 Bxc3+ 10. bxc3 O-O 11. Be2 Nc6 12. O-O e6 13. Be3 f5 14. Ng5 Qe8 15. Bf3 Bb7 16. Nxe6 Nf6 17. Nxf8 Qxf8 18. Rb1 Rb8 19. Rxb7 Rxb7 20. Bxc6 Rf7 21. Bxc5 Kg7 22. d7 Qd8 23. Bd4 Kf8 24. Bxf6 Rxf6 25. Ba4 1-0

[Event "Olympiad Women 2024"]
[Site "Budapest HUN"]
[Date "2024.09.11"]
[Round "1.42"]
[Board "2"]
[White "Sisior, Angelil"]
[Black "Skvortsova, Alena"]
[Result "0-1"]
[WhiteElo "1691"]
[BlackElo "2179"]
[PlyCount "48"]
[EventDate "2024.09.11"]
[WhiteTeam "Palau"]
[BlackTeam "Montenegro"]
[WhiteTeamCountry "PAL"]
[BlackTeamCountry "MNE"]

1. e4 c5 2. Nc3 Nc6 3. f4 g6 4. Nf3 Bg7 5. Bc4 e6 6. d3 Nge7 7. O-O O-O 8. Qe1 d5 9. Bb5 a6 10. Bxc6 Nxc6 11. e5 f6 12. Qh4 $146 ({RR} 12. exf6 Bxf6 13. Qg3 Bd7 14. Bd2 Nd4 15. Nxd4 Bxd4+ 16. Kh1 Bc6 17. Rab1 Qd6 18. Nd1 Bg7 19. Ne3 e5 20. Ng4 e4 21. dxe4 dxe4 22. Be3 Bd7 23. Rfd1 Qc7 24. Qh4 Be6 25. a3 Kh8 26. Ne5 Kg8 {1-0 Voltolini,G (2285)-D'Innocente,S (2205) Nereto op 2002 (5)}) 12... fxe5 13. Ng5 h6 14. Nf3 exf4 15. Bxf4 Qxh4 16. Nxh4 g5 17. Ng6 Rf6 18. Ne7+ Nxe7 19. Bd6 Rxf1+ 20. Rxf1 Bd4+ 21. Kh1 Nf5 22. Bxc5 Bxc5 23. Na4 Ba7 24. c3 b5 0-1

[Event "Olympiad Women 2024"]
[Site "Budapest HUN"]
[Date "2024.09.11"]
[Round "1.42"]
[Board "3"]
[White "Milovic, Aleksandra"]
[Black "Gemota, Joan"]
[Result "1-0"]
[WhiteElo "2121"]
[BlackElo "1567"]
[PlyCount "43"]
[EventDate "2024.09.11"]
[WhiteTeam "Montenegro"]
[BlackTeam "Palau"]
[WhiteTeamCountry "MNE"]
[BlackTeamCountry "PAL"]

1. e4 e5 2. Nf3 Nc6 3. Nc3 Nf6 4. d4 exd4 5. Nxd4 Nxd4 6. Qxd4 Be7 7. e5 c5 8. Qd1 Ng8 9. Bc4 d6 10. Qf3 f6 11. Qd5 $146 ({RR} 11. exd6 Bxd6 12. O-O Ne7 13. Re1 Qc7 14. Nb5 Bxh2+ 15. Kh1 Qb8 16. g3 Bxg3 17. fxg3 b6 18. Kh2 Bb7 19. Qxb7 Qxb7 20. Nd6+ Kf8 21. Nxb7 Rb8 22. Nd6 Nc6 23. Bf4 Nd4 24. Nf5 Nxc2 25. Bd6# {1-0 Chao Vale,F (2159)-De Leon Gonzalez,Y (1118) Gran Canaria Online Blitz 3rd 2022 (2)}) 11... Kd7 12. exd6 Bxd6 13. Bf4 Ne7 14. Qxd6+ Ke8 15. Qxd8+ Kxd8 16. O-O-O+ Bd7 17. Be6 Ke8 18. Rxd7 Nc6 19. Nd5 Rc8 20. Rxg7 Nd4 21. Nxf6+ Kd8 22. Rd7# 1-0

[Event "Olympiad Women 2024"]
[Site "Budapest HUN"]
[Date "2024.09.11"]
[Round "1.43"]
[Board "1"]
[White "Georgina Sackie"]
[Black "Librelato, Kathie Goulart"]
[Result "1/2-1/2"]
[WhiteElo "1688"]
[BlackElo "2181"]
[PlyCount "114"]
[EventDate "2024.09.11"]
[WhiteTeam "Liberia"]
[BlackTeam "Brazil"]
[WhiteTeamCountry "LBR"]
[BlackTeamCountry "BRA"]

1. d4 d5 2. c4 e6 3. Nc3 c6 4. cxd5 exd5 5. Nf3 Bd6 6. Bg5 f6 7. Bh4 Ne7 8. Bg3 ({RR} 8. e3 Qb6 9. a3 Bf5 10. Na4 Qa5+ 11. b4 Qc7 12. Bg3 Nd7 13. Nc5 Bxg3 14. hxg3 a5 15. Nh4 axb4 16. Nxf5 Nxf5 17. Bd3 Nxc5 18. dxc5 Qe5 19. O-O Rxa3 20. Rxa3 bxa3 21. Qa4 O-O 22. Qxa3 g6 {1-0 Agasiyev,K (2441)-Kornyukov,A (2452) Titled Tue 6th Feb Late 2024 (3)}) 8... O-O 9. e3 Na6 $146 ({RR} 9... Re8 10. Bd3 Bf5 11. Nh4 Bxd3 12. Qxd3 Na6 13. a3 Nc7 14. Nf5 Nxf5 15. Qxf5 a6 16. O-O Bxg3 {½-½ Bellin,J (2169)-Vega Gutierrez,S (2262) Benasque (Women) 2005 (1)}) ({RR} 9... Bf5 10. Bd3 Bxg3 11. hxg3 Qd7 12. Qc2 Na6 13. a3 Nc7 14. Bxf5 Qxf5 15. Qxf5 Nxf5 16. g4 Nd6 17. g5 Rae8 18. gxf6 Rxf6 19. Ng5 Rg6 20. Nh3 Rxg2 21. Nf4 Rg4 22. O-O-O Ne6 23. Nd3 Rf8 24. f3 {0-1 Rosenstein,W-Ainakul,M (1935) FIDE World Bl Team Final 2024 (3.2)}) ({RR} 9... Re8 10. Bd3 Bf5 11. Qc2 Bxd3 12. Qxd3 Na6 13. O-O Bxg3 14. hxg3 Qd7 {½-½ Tsvetkov,A-Popov,V BUL-ch03 Sofia 1948 (14)}) 10. a3 Nc7 11. Bd3 Bf5 12. Qc2 Bxd3 13. Qxd3 Re8 14. Bxd6 Qxd6 15. O-O Rad8 16. Rab1 a5 17. Rfc1 Ne6 18. a4 Qb4 19. Ne1 Nc8 20. Nc2 Qb3 21. Na1 Qb4 22. Nc2 Qe7 23. b4 axb4 24. Rxb4 Nd6 25. Rcb1 f5 26. Ne1 f4 27. e4 dxe4 28. Nxe4 Nc7 29. Nd2 c5 30. dxc5 Nf7 31. Qc2 Qxe1+ 32. Rxe1 Rxe1+ 33. Nf1 Rdd1 34. Qc4 Rc1 35. Qd3 Red1 36. Qe2 Re1 37. Qd3 Rcd1 38. Qc4 Rxf1+ 39. Qxf1 Rxf1+ 40. Kxf1 Nd8 41. Rxf4 Nce6 42. Rc4 Kf7 43. Ke2 Nc6 44. g3 Na5 45. Rb4 Nxc5 46. Rb5 Nab3 47. Ke3 Ke6 48. h4 Kd5 49. g4 Nd4 50. Rb2 Nc6 51. f4 Na5 52. Rb4 Nc4+ 53. Kf3 b6 54. g5 g6 55. Kg4 Ne3+ 56. Kf3 Nc4 57. Kg4 Ne3+ 1/2-1/2

[Event "Olympiad Women 2024"]
[Site "Budapest HUN"]
[Date "2024.09.11"]
[Round "1.43"]
[White "Alboredo, Julia"]
[Black "Meleh M. Davis"]
[Result "1-0"]
[WhiteElo "2127"]
[BlackElo "1602"]
[PlyCount "67"]
[EventDate "2024.09.11"]
[WhiteTeam "Brazil"]
[BlackTeam "Liberia"]
[WhiteTeamCountry "BRA"]
[BlackTeamCountry "LBR"]

1. e4 c6 2. d4 d5 3. exd5 cxd5 4. Bd3 Nc6 5. c3 Nf6 6. Bf4 Qb6 7. Qb3 Qxb3 8. axb3 Bg4 9. b4 e6 10. b5 ({RR} 10. Nd2 Be7 11. Ngf3 Bxf3 12. Nxf3 Ne4 13. b5 Nd8 14. Nd2 f5 15. Nf3 Bd6 16. Bxd6 Nxd6 17. O-O N8f7 18. Ne5 Nxe5 19. dxe5 Ne4 20. f3 Nc5 21. Bc2 Ke7 22. g4 f4 23. h4 h6 24. Bg6 Rhd8 {0-1 Seifert,H (2106)-Floresvillar Gonzalez,L (2019) Titled Tue 8th Aug Early 2023 (9)}) 10... Ne7 11. Nd2 ({RR} 11. b6 a6 12. Na3 Nc6 {½-½ Van Wijgerden,C (2435)-Hofland,L (2300) IBM-20 Grootmeestergroep 1980}) 11... Ng6 $146 ({RR} 11... Bf5 12. Be2 Ng6 13. Bg3 Be7 14. h3 O-O 15. Bh2 Nh8 16. g4 Be4 17. Nxe4 Nxe4 18. Nf3 Bd6 19. Ne5 Rfd8 20. f3 Nf6 21. h4 Ng6 22. h5 Ne7 23. Bd3 Bxe5 24. Bxe5 h6 25. Kd2 Kf8 26. Ra2 {1-0 Belenkaya,D (2329)-Vyrtosu,N (1894) RUS-chT rapid (Women) 2018 (3.2)}) 12. Bg3 Nh5 13. b6 a6 14. Bb5+ Kd8 15. Bc7+ Kc8 16. h3 Bxh3 17. Nxh3 Be7 18. Ba4 h6 19. Rc1 Nf6 20. c4 Bd8 21. cxd5 Nxd5 22. Bd6+ Bc7 23. Bxc7 Nxb6 24. Bxb6+ Kb8 25. Rc7 Rc8 26. Rxc8+ Kxc8 27. Ke2 Ne7 28. Rc1+ Nc6 29. Bxc6 bxc6 30. Rxc6+ Kb7 31. Rd6 Re8 32. Nc4 Re7 33. Na5+ Kc8 34. Rd8# 1-0

[Event "Olympiad Women 2024"]
[Site "Budapest HUN"]
[Date "2024.09.11"]
[Round "1.43"]
[Board "3"]
[White "Abigail Karyah"]
[Black "Tamarozi, Isabelle"]
[Result "1-0"]
[WhiteElo "1790"]
[BlackElo "2059"]
[PlyCount "71"]
[EventDate "2024.09.11"]
[WhiteTeam "Liberia"]
[BlackTeam "Brazil"]
[WhiteTeamCountry "LBR"]
[BlackTeamCountry "BRA"]

1. d4 d5 2. c4 e6 3. Nc3 c5 4. cxd5 exd5 5. Bf4 Nf6 6. Nf3 Nc6 7. e3 c4 8. Be2 Bb4 9. Qc2 Ne4 10. O-O Bxc3 11. bxc3 g5 ({RR} 11... Bf5 12. Qb2 O-O 13. Nd2 Nxd2 14. Qxd2 b5 15. Qb2 Qa5 16. a3 Rfe8 17. Bf3 Rad8 18. Rfe1 h6 19. h3 Re6 20. Kh2 Qb6 21. g4 Bd3 22. g5 hxg5 23. Bxg5 f6 24. Bf4 Kf7 25. Rg1 Ree8 26. Rg2 {0-1 Siekanska,M (2181)-Rudzinska,M (2315) 76th ch-POL Women 2024 (4.2)}) 12. Bg3 h5 13. h3 $146 ({RR} 13. h4 g4 14. Nd2 f5 15. Nxe4 fxe4 16. f3 gxf3 17. gxf3 Rg8 18. Kf2 Qf6 19. Rh1 Bf5 20. Qb2 O-O-O 21. Bf4 exf3 22. Bxf3 Bg4 23. Raf1 Bxf3 24. Kxf3 Rg4 25. Qh2 Rdg8 26. Rhg1 Qf5 27. Rxg4 Rxg4 {0-1 Kollberg,L-Kallas,H DDR U18-ch Schkopau 1955 (1)}) 13... Bf5 14. Qb2 Nxg3 15. fxg3 Bd7 16. Nd2 Qc7 17. e4 dxe4 18. Nxe4 O-O-O 19. Nc5 Ne7 20. Bxc4 f5 21. Be6 Bxe6 22. Nxe6 Qxg3 23. Nxd8 Rxd8 24. Qa3 Nd5 25. Qc5+ Kb8 26. Rf3 Qh4 27. c4 Nf4 28. Qe5+ Ka8 29. Rb1 Rb8 30. Rfb3 a6 31. Rb6 Rc8 32. Rxb7 Ne2+ 33. Qxe2 Qxd4+ 34. Kh1 Rd8 35. Qf3 g4 36. Rb8+ 1-0

[Event "Olympiad Women 2024"]
[Site "Budapest HUN"]
[Date "2024.09.11"]
[Round "1.43"]
[Board "4"]
[White "Dias, Clara"]
[Black "Princess K. Banney"]
[Result "1-0"]
[WhiteElo "1954"]
[BlackElo "1447"]
[PlyCount "49"]
[EventDate "2024.09.11"]
[WhiteTeam "Brazil"]
[BlackTeam "Liberia"]
[WhiteTeamCountry "BRA"]
[BlackTeamCountry "LBR"]

1. e4 c6 2. d4 d5 3. Nc3 dxe4 4. Nxe4 Bf5 5. Ng3 Bg6 6. h4 h5 7. Nf3 Nd7 8. Bd3 Bxd3 9. Qxd3 Ngf6 10. Bf4 ({RR} 10. Bd2 e6 11. O-O-O Bd6 12. Ng5 Nb6 13. Rhe1 Bxg3 14. Qxg3 Qd5 15. Bb4 Qxa2 16. Nxe6 fxe6 17. Qg6+ Kd8 18. b3 Nbd5 19. Qxg7 Qa1+ 20. Kd2 Qxd4+ 21. Ke2 Qg4+ 22. Qxg4 hxg4 23. c4 Rxh4 24. cxd5 Nxd5 {0-1 Radulski,J (2502)-Polak,T (2466) Brno Skanska 2005 (5)}) ({RR} 10. Bd2 e6 11. O-O-O Bd6 12. Ne4 Nxe4 13. Qxe4 Nf6 14. Qe2 Qc7 15. Ne5 O-O-O 16. Qe1 Bxe5 17. dxe5 Ng4 18. Bc3 Rxd1+ 19. Kxd1 Qb6 20. Rf1 Rd8+ 21. Kc1 Rd5 22. f3 Ne3 23. Rh1 Rd1+ 24. Qxd1 Nxd1 {0-1 Hornacek,T (1500)-Rychly,D (1742) LJ Slovakia Open 2024 (2.54)}) 10... Qb6 11. O-O-O $146 ({RR} 11. O-O Nd5 12. Bg5 O-O-O 13. c4 N5f6 14. c5 Qc7 15. b4 e5 16. dxe5 Nxe5 17. Qf5+ Ned7 18. Bf4 g6 19. Bxc7 gxf5 20. Bxd8 Kxd8 21. Nxf5 Kc7 22. Rfe1 Nd5 23. a3 Rg8 24. Ng5 Bg7 25. Nxg7 Rxg7 {1-0 Edakina,A (1760)-Krogseth,L (1585) Fagernes Norsk op-B 2015 (9)}) 11... Nd5 12. Bd2 e6 13. Ng5 c5 14. c4 Qa6 15. Kb1 N5b6 16. b3 Rd8 17. Nxe6 Rc8 18. Ng5 Nd5 19. Rhe1+ Ne7 20. d5 f6 21. d6 Ne5 22. Rxe5 fxe5 23. d7+ Kd8 24. Ba5+ b6 25. Ne6# 1-0

[Event "Olympiad Women 2024"]
[Site "Budapest HUN"]
[Date "2024.09.11"]
[Round "1.44"]
[Board "2"]
[White "Zenobia Wasif"]
[Black "Argote Heredia, Valentina"]
[Result "0-1"]
[WhiteElo "1743"]
[BlackElo "2144"]
[PlyCount "76"]
[EventDate "2024.09.11"]
[WhiteTeam "Pakistan"]
[BlackTeam "Colombia"]
[WhiteTeamCountry "PAK"]
[BlackTeamCountry "COL"]

1. e4 c5 2. c4 Nc6 3. d3 d6 4. h3 g6 5. Nf3 Bg7 6. Nc3 ({RR} 6. Be3 Bxb2 7. Nbd2 Bxa1 8. Qxa1 Nf6 9. d4 Nb4 10. Qb1 Qa5 11. e5 Bf5 12. Qb3 Ne4 13. Bd3 Nxd3+ 14. Qxd3 Ng3 15. Qb3 Nxh1 16. Qxb7 Rd8 17. exd6 Rxd6 18. dxc5 Rd8 19. Bd4 Rxd4 20. Nxd4 Qxc5 {0-1 Manske,D (1391)-Oliveira,G Timbo op 2021 (5)}) 6... e6 7. Be2 Nge7 8. Bg5 $146 ({RR} 8. O-O a6 9. Rb1 O-O 10. Be3 Rb8 11. Qc1 b5 12. Bh6 Nd4 13. Bxg7 Kxg7 14. Nxd4 cxd4 15. Nd1 Bb7 16. b3 f5 17. f3 e5 18. Qa3 Qb6 19. Nf2 Rbc8 20. Rfc1 b4 21. Qb2 Rc5 22. Qd2 h6 {0-1 Catalano,L (1808)-Perryman,M (1990) Arco op 28th 2006 (4)}) ({RR} 8. O-O O-O 9. Be3 Nd4 10. Qd2 Nec6 11. Bh6 Nxf3+ 12. Bxf3 Nd4 13. Bd1 Bd7 14. Bxg7 Kxg7 15. Ne2 Nxe2+ 16. Bxe2 e5 {½-½ Bergenwall,H (1971)-Garner,I (1747) Rostock SSC op 17th 2018 (6.12)}) 8... O-O 9. Qd2 Nd4 10. Nxd4 cxd4 11. Nd1 Bd7 12. Bh6 f5 13. Bxg7 Kxg7 14. f4 e5 15. O-O Bc6 16. b4 a6 17. Bf3 Rc8 18. a4 fxe4 19. dxe4 Rxf4 20. Nf2 Bd7 21. Nd3 Rf6 22. Nb2 Be6 23. Rac1 Qd7 24. Kh2 Rcf8 25. Qd3 g5 26. Be2 Ng6 27. Rxf6 Rxf6 28. Qg3 Nf4 29. Bf1 Rg6 30. Nd3 Nh5 31. Qf2 g4 32. Qe2 Qf7 33. c5 gxh3 34. gxh3 Nf4 35. Qf2 Rf6 36. cxd6 Nxd3 37. Qg3+ Rg6 38. Qxd3 Qf2+ 0-1

[Event "Olympiad Women 2024"]
[Site "Budapest HUN"]
[Date "2024.09.11"]
[Round "1.44"]
[Board "3"]
[White "Chirivi C, Jenny Astrid"]
[Black "Mehak Gul"]
[Result "1-0"]
[WhiteElo "2120"]
[BlackElo "1709"]
[PlyCount "113"]
[EventDate "2024.09.11"]
[WhiteTeam "Colombia"]
[BlackTeam "Pakistan"]
[WhiteTeamCountry "COL"]
[BlackTeamCountry "PAK"]

1. d4 Nf6 2. c4 e6 3. Nc3 c5 4. d5 exd5 5. cxd5 d6 6. Nf3 Bg4 7. Nd2 a6 8. h3 Bf5 9. e4 Bg6 10. a4 Nbd7 11. Be2 $146 ({RR} 11. Bd3 Be7 12. O-O O-O 13. f4 h6 14. a5 Qc7 15. Nc4 Rfe8 16. Qc2 b5 17. axb6 Nxb6 18. Nxb6 Qxb6 19. Be3 Bf8 20. b4 Nd7 21. Na4 Qb7 22. bxc5 dxc5 23. Rfb1 Qa7 24. Nb2 Qc7 25. Nc4 Nf6 {1-0 Fernandez Perez,D (2215)-Demestres Lopez,R (1754) Barcelona Ateneu Colon op 6th 2011 (1)}) 11... Be7 12. O-O O-O 13. f4 h6 14. Bf3 Rc8 15. Nc4 Kh8 16. a5 Re8 17. e5 Ng8 18. e6 fxe6 19. dxe6 Nf8 20. Bxb7 Rb8 21. Bc6 Nxe6 22. Bxe8 Bxe8 23. Nb6 Nf6 24. Ncd5 Nxd5 25. Nxd5 Nd4 26. f5 Bf6 27. Ra3 Bc6 28. Nxf6 Qxf6 29. Rg3 Re8 30. Rg6 Re2 31. Rg4 Re5 32. b4 Rxf5 33. bxc5 Rxf1+ 34. Qxf1 Qxf1+ 35. Kxf1 Bb5+ 36. Kf2 dxc5 37. Bb2 Ne6 38. Re4 Nd4 39. Bxd4 cxd4 40. Rxd4 Kg8 41. Rd6 Kf7 42. h4 Ke7 43. Rb6 Bd3 44. Ke3 Bf1 45. g3 Bc4 46. Ke4 Be2 47. Ke5 Kf7 48. Kd5 g6 49. Ke5 g5 50. Rxh6 gxh4 51. gxh4 Kg7 52. Rd6 Kf7 53. Kd5 Bf3+ 54. Kc5 Be2 55. Kb6 Ke7 56. Rh6 Kf7 57. Ka7 1-0

[Event "Olympiad Women 2024"]
[Site "Budapest HUN"]
[Date "2024.09.11"]
[Round "1.44"]
[Board "4"]
[White "Aayat Asmi"]
[Black "Lopez Rayo, Isabella"]
[Result "0-1"]
[WhiteElo "1421"]
[BlackElo "1952"]
[PlyCount "82"]
[EventDate "2024.09.11"]
[WhiteTeam "Pakistan"]
[BlackTeam "Colombia"]
[WhiteTeamCountry "PAK"]
[BlackTeamCountry "COL"]

1. e4 c5 2. Nf3 d6 3. Bb5+ Nd7 4. O-O a6 5. Be2 Ngf6 6. Nc3 b5 7. d3 g6 8. Bf4 Bg7 9. Re1 O-O 10. Qd2 Re8 11. Rad1 $146 ({RR} 11. Bh6 Bh8 12. Rab1 Bb7 13. Nd1 e5 14. Bg5 Nf8 15. Nc3 Ne6 16. Bh4 Nf4 17. Bf1 Qc8 18. Bxf6 Bxf6 19. g3 Qg4 20. Bg2 Nxg2 21. Kxg2 Bd8 22. Qh6 f6 23. Qh3 Qxh3+ 24. Kxh3 Ba5 25. Red1 Bxc3 {½-½ Tachev,K (1595)-Dimitrov,D (1970) Varna op-B 9th 2015 (1)}) 11... b4 12. Nb1 Qa5 13. a3 Nh5 14. axb4 cxb4 15. b3 Nxf4 16. Qxf4 Qc7 17. d4 e5 18. dxe5 dxe5 19. Qd2 Rb8 20. Rc1 Nc5 21. Bc4 Be6 22. Qe2 a5 23. Nbd2 Bh6 24. Ra1 Bd7 25. Nf1 Bc6 26. Bd3 Nxd3 27. Qxd3 Bb5 28. Qd1 Red8 29. Qb1 Bc6 30. Ng3 Rdc8 31. Qb2 Rb5 32. Reb1 Rc5 33. Qa2 Bb7 34. Ne1 Qb6 35. h3 Bd2 36. Nd3 Rxc2 37. Qxa5 Qd4 38. Nxe5 Bc3 39. Qa7 Bxa1 40. Qxa1 Qxf2+ 41. Kh1 Qxg2# 0-1

[Event "Olympiad Women 2024"]
[Site "Budapest HUN"]
[Date "2024.09.11"]
[Round "1.45"]
[Board "1"]
[White "Jacobs, Annelaine"]
[Black "Martynkova, Olena"]
[Result "0-1"]
[WhiteElo "1763"]
[BlackElo "2176"]
[PlyCount "70"]
[EventDate "2024.09.11"]
[WhiteTeam "Aruba"]
[BlackTeam "Lithuania"]
[WhiteTeamCountry "ARN"]
[BlackTeamCountry "LTU"]

1. e4 c5 2. Nf3 e6 3. g3 Nc6 4. Bg2 Nf6 5. d3 d5 6. exd5 exd5 7. O-O Be7 8. Nbd2 ({RR} 8. c3 O-O 9. d4 Bg4 10. h3 Bh5 11. g4 Bg6 12. Ne5 cxd4 13. cxd4 Bd6 14. Nc3 Nxe5 15. dxe5 Bxe5 16. Nxd5 Nxd5 17. Bxd5 Qh4 18. Bg2 Rfd8 19. Qb3 Rd3 20. Qxb7 Rb8 21. Qxa7 Rxh3 22. Bg5 Rh1+ {0-1 Asish Panda (1884)-Donatti,A (2193) Titled Tue 26th Mar Early 2024 (2)}) 8... O-O 9. Re1 Bg4 10. c3 $146 ({RR} 10. h3 Bh5 11. g4 Bg6 12. Nh4 Bd6 13. Ndf3 d4 14. Bg5 h6 15. Bd2 Bh7 16. g5 hxg5 17. Nxg5 Qc7 18. Nxh7 Kxh7 19. Bg5 Nd7 20. Qh5+ Kg8 21. Be4 g6 22. Nxg6 Nde5 23. Qh8# {1-0 Geranichev,M (2060)-Gorshechnikov,A (1889) Tambov Pavlyutin Memorial 9th 2019 (6)}) 10... d4 11. c4 Bd6 12. a3 Qd7 13. Ne4 Nxe4 14. Rxe4 f5 15. Re1 f4 16. Re4 fxg3 17. hxg3 Rae8 18. Rxe8 Qxe8 19. Qe1 Bxf3 20. Qxe8 Rxe8 21. Bxf3 Re1+ 22. Kg2 Na5 23. b4 Nb3 24. Rb1 Nxc1 25. bxc5 Bxc5 26. Rxb7 Nxd3 27. Bd5+ Kf8 28. Rf7+ Ke8 29. Rxg7 Re7 30. Rg8+ Kd7 31. a4 Ne1+ 32. Kf1 d3 33. Rb8 d2 34. Rb7+ Kd6 35. Rxe7 d1=Q 0-1

[Event "Olympiad Women 2024"]
[Site "Budapest HUN"]
[Date "2024.09.11"]
[Round "1.45"]
[Board "2"]
[White "Limontaite, Simona"]
[Black "Moreno Mora, Milaydes Lourdes"]
[Result "1-0"]
[WhiteElo "2177"]
[BlackElo "1694"]
[PlyCount "65"]
[EventDate "2024.09.11"]
[WhiteTeam "Lithuania"]
[BlackTeam "Aruba"]
[WhiteTeamCountry "LTU"]
[BlackTeamCountry "ARN"]

1. d4 Nf6 2. c4 b6 3. Nc3 Bb7 4. Qc2 e6 5. Bg5 Bb4 6. a3 Bxc3+ 7. Qxc3 h6 8. Bh4 g5 9. Bg3 Ne4 10. Qc2 d6 11. e3 ({RR} 11. f3 Nxg3 12. hxg3 Nc6 13. O-O-O f5 14. e3 Qf6 15. Ne2 O-O-O 16. Nc3 h5 17. Qa4 Kb8 18. Be2 h4 19. gxh4 Rxh4 20. Rxh4 gxh4 21. c5 Qg5 22. Bb5 Qxe3+ 23. Kb1 Ne7 24. c6 Ba8 25. d5 Nxd5 {½-½ Nepomniachtchi,I (2784)-Kovalev,V (2648) Titled Tuesday intern op 9th June blitz 2020 (6)}) 11... Nd7 12. f3 ({RR} 12. Nf3 f5 13. Bd3 Qf6 14. O-O-O O-O-O 15. Ne1 h5 16. f3 Nxg3 17. hxg3 h4 18. gxh4 Rxh4 19. Rxh4 gxh4 20. d5 Rf8 21. dxe6 Qxe6 22. Qf2 f4 23. Qxh4 Qxe3+ 24. Kb1 Qe5 25. Qg4 Bc6 26. Bc2 Qf6 {½-½ Aakash,G (1935)-Laxman,R (2338) 14th Chennai Open 2023-24 (6.5)}) 12... Nxg3 13. hxg3 g4 $146 ({RR} 13... c5 14. Bd3 cxd4 15. exd4 Qf6 16. Ne2 Rc8 17. g4 Ke7 18. Qd2 a5 19. Qe3 Kf8 20. O-O e5 21. Bf5 exd4 22. Nxd4 Re8 23. Qc3 Ne5 24. Rad1 h5 25. Nb5 hxg4 26. fxg4 Qh6 27. Qg3 Nxc4 28. Rd3 {0-1 Borvander,T (2161)-Paehtz,E (2451) Gibraltar Masters 2007 (3)}) ({RR} 13... Qe7 14. Bd3 O-O-O 15. O-O-O f5 16. Ne2 Kb8 17. Nc3 h5 18. Rhe1 h4 19. gxh4 gxh4 20. f4 Rdg8 21. Rd2 Qg7 22. d5 Nc5 23. Bf1 Qg3 24. Kd1 exd5 25. cxd5 Re8 26. Qxf5 Bc8 27. Qf6 Rhf8 28. Qh6 {0-1 Socko,B (2614)-Georgiadis,N (2460) Qatar Masters op 2014 (9)}) 14. Bd3 gxf3 15. gxf3 Qg5 16. Qf2 O-O-O 17. O-O-O Kb8 18. Kb1 d5 19. Ka1 dxc4 20. Bxc4 Qg7 21. Ne2 Nf6 22. e4 Ne8 23. Rc1 Nd6 24. Bd3 e5 25. d5 Rdf8 26. g4 h5 27. gxh5 f5 28. Qe3 f4 29. Qg1 Qd7 30. Qg5 Nf7 31. Qf6 Rh6 32. Qg7 Rg8 33. Qxg8+ 1-0